[Event "4NCL Division Three Knights"]
[Site "Telford, ENG"]
[Date "2024.05.06"]
[Round "11.12"]
[White "Varley, Joe"]
[Black "Young, Alan"]
[Result "1-0"]
[WhiteElo "2094"]
[BlackElo "1993"]
[PlyCount "63"]
[EventDate "2024.05.06"]
[WhiteTeam "Hull & East Riding Tigers"]
[BlackTeam "Rhyfelwyr Essyllwg"]

1. e4 e5 2. Nf3 Nc6 3. Bb5 a6 4. Ba4 Nf6 5. d3 d6 6. c3 g6 7. Nbd2 Bg7 8. Nf1
O-O 9. Ng3 b5 10. Bc2 Bb7 11. O-O Nb8 12. h3 c5 13. Be3 Nbd7 14. Qd2 Re8 15.
Nh2 Nf8 16. f4 exf4 17. Bxf4 Ne6 18. Bh6 Rc8 19. Rf2 Nd7 20. Raf1 Ne5 21. Bxg7
Kxg7 22. d4 cxd4 23. cxd4 Rxc2 24. Qxc2 Nxd4 25. Qd2 Ne6 26. Ng4 Nxg4 27. Rxf7+
Kg8 28. hxg4 Re7 29. Qf2 Qe8 30. Rf6 Bc8 31. Ne2 Bb7 32. Nd4 1-0

[Event "4NCL Division Three Knights"]
[Site "Telford, ENG"]
[Date "2024.05.06"]
[Round "11.13"]
[White "Hewitt, William"]
[Black "Smith, Simon"]
[Result "1/2-1/2"]
[WhiteElo "1978"]
[BlackElo "2015"]
[PlyCount "23"]
[EventDate "2024.05.06"]
[WhiteTeam "Rhyfelwyr Essyllwg"]
[BlackTeam "Hull & East Riding Tigers"]

1. e4 e5 2. Nf3 Nc6 3. Nc3 Nf6 4. d4 exd4 5. Nxd4 Bb4 6. Nxc6 bxc6 7. Bd3 d5 8.
exd5 Qe7+ 9. Qe2 Qxe2+ 10. Kxe2 Nxd5 11. Bd2 Nxc3+ 12. Bxc3 1/2-1/2

[Event "4NCL Division Three Knights"]
[Site "Telford, ENG"]
[Date "2024.05.06"]
[Round "11.14"]
[White "Vleeshhouwer, Douglas"]
[Black "Trevelyan, John"]
[Result "1/2-1/2"]
[WhiteElo "1973"]
[BlackElo "1918"]
[PlyCount "76"]
[EventDate "2024.05.06"]
[WhiteTeam "Hull & East Riding Tigers"]
[BlackTeam "Rhyfelwyr Essyllwg"]

1. e4 d6 2. d4 e5 3. Be3 Nf6 4. f3 exd4 5. Qxd4 Nc6 6. Bb5 Bd7 7. Qd2 Ne5 8.
Bxd7+ Qxd7 9. Nc3 Nc4 10. Qc1 Be7 11. Nge2 d5 12. O-O dxe4 13. Nxe4 Nxe4 14.
fxe4 Nxe3 15. Qxe3 O-O 16. Nf4 Qc6 17. Nd3 Rad8 18. Qe2 Rd4 19. Rae1 Bh4 20. g3
Bd8 21. Qe3 Rd6 22. e5 Rh6 23. Re2 Qd5 24. b3 Be7 25. Qe4 Qb5 26. c4 Qb6+ 27.
Kg2 c6 28. Rf3 Qd8 29. Nf2 Qd7 30. Ng4 Rg6 31. h3 Rd8 32. Qf5 Qxf5 33. Rxf5 Bc5
34. e6 Be7 35. exf7+ Kf8 36. Ne5 Rf6 37. Rf3 Rxf3 38. Kxf3 Bf6 1/2-1/2

[Event "4NCL Division Three Knights"]
[Site "Telford, ENG"]
[Date "2024.05.06"]
[Round "11.15"]
[White "Van Kemenade, Rudy"]
[Black "Stephenson, David W"]
[Result "1-0"]
[WhiteElo "1947"]
[BlackElo "1849"]
[PlyCount "109"]
[EventDate "2024.05.06"]
[WhiteTeam "Rhyfelwyr Essyllwg"]
[BlackTeam "Hull & East Riding Tigers"]

1. e4 e6 2. d3 c5 3. Nf3 Nc6 4. g3 Nge7 5. Bg2 g6 6. h4 h6 7. O-O Bg7 8. c3 d5
9. Qe2 O-O 10. e5 b6 11. a4 Bb7 12. Bf4 Qd7 13. Na3 a6 14. Nc2 Rac8 15. Ne3 Kh7
16. Ng4 Ng8 17. Qd2 Qe7 18. Rfe1 d4 19. c4 Na5 20. Qe2 Bxf3 21. Bxf3 h5 22. Nh2
Bh6 23. Bxh6 Nxh6 24. Be4 Kg7 25. Nf3 Nc6 26. Bxc6 Rxc6 27. Qe4 Rc7 28. Ng5 Qd7
29. Qf4 Qe7 30. Ne4 Nf5 31. Kg2 Rb7 32. b3 b5 33. axb5 axb5 34. Ra6 bxc4 35.
bxc4 Ra7 36. Rea1 Rxa6 37. Rxa6 Qb7 38. Ra5 Rc8 39. Rb5 Qa8 40. Kh2 Qa3 41. Qg5
Qa2 42. Qf6+ Kg8 43. Rb7 Rf8 44. Kg2 Qe2 45. Kg1 Qe1+ 46. Kh2 Nh6 47. Qf4 Ng4+
48. Kg2 Qe2 49. Nf6+ Nxf6 50. exf6 Kh7 51. Qd6 Ra8 52. Rxf7+ Kg8 53. Rg7+ Kh8
54. Rh7+ Kg8 55. Qe7 1-0

[Event "4NCL Division Three Knights"]
[Site "Telford, ENG"]
[Date "2024.05.06"]
[Round "11.16"]
[White "Ganti, Shriaansh"]
[Black "Hatchett, Paul"]
[Result "0-1"]
[WhiteElo "1864"]
[BlackElo "1949"]
[PlyCount "100"]
[EventDate "2024.05.06"]
[WhiteTeam "Hull & East Riding Tigers"]
[BlackTeam "Rhyfelwyr Essyllwg"]

1. e4 c5 2. Nf3 d6 3. d4 cxd4 4. Nxd4 Nf6 5. Nc3 g6 6. Be3 Bg7 7. Qd2 Ng4 8.
Nb3 Nxe3 9. Qxe3 O-O 10. Be2 Nc6 11. O-O a5 12. Na4 Be6 13. Rfd1 Qc7 14. c3 b5
15. Bxb5 Rfb8 16. c4 Nb4 17. Rdc1 Qa7 18. Qxa7 Rxa7 19. Rd1 f5 20. a3 Nc2 21.
Rac1 Rxb5 22. cxb5 Bxb3 23. Nc3 Bxc3 24. bxc3 Nxa3 25. b6 Rb7 26. Re1 Nc4 27.
exf5 gxf5 28. f4 a4 29. Ra1 Nxb6 30. Reb1 Rc7 31. Re1 Kf7 32. Rec1 Rc4 33. g3
Nd5 34. Kf2 Nxc3 35. Ke3 e5 36. fxe5 dxe5 37. Rf1 Ke6 38. h3 Nd5+ 39. Kd2 Rc2+
40. Ke1 Ne3 41. Rf2 f4 42. gxf4 exf4 43. Re2 Ke5 44. Kf2 Rxe2+ 45. Kxe2 Ke4 46.
Rg1 a3 47. Rg7 a2 48. Re7+ Kf5 49. Ra7 Nc2 50. Ra5+ Ke4 0-1

[Event "4NCL Division Three Knights"]
[Site "Telford, ENG"]
[Date "2024.05.06"]
[Round "11.21"]
[White "Lambourne, Dan M"]
[Black "Cooksey, Paul S"]
[Result "1/2-1/2"]
[WhiteElo "2093"]
[BlackElo "2238"]
[PlyCount "121"]
[EventDate "2024.05.06"]
[WhiteTeam "MK Phoenix"]
[BlackTeam "Crowthorne A"]

1. Nf3 d5 2. d4 Nf6 3. Bf4 c5 4. e3 Nc6 5. c3 Nh5 6. Bg5 h6 7. Bh4 g5 8. Bg3
Nxg3 9. hxg3 Qb6 10. Qb3 Bg7 11. dxc5 Qxc5 12. Nbd2 e5 13. Qb5 Qxb5 14. Bxb5
O-O 15. Nb3 Ne7 16. O-O b6 17. Rad1 Bb7 18. Rfe1 Rfd8 19. Rd2 Ng6 20. Red1 Bf6
21. Be2 Rdc8 22. Nh2 Rc7 23. Ng4 Bg7 24. f3 Ne7 25. Nf2 Nf5 26. e4 Nxg3 27.
exd5 Bxd5 28. Bb5 Bc4 29. Bxc4 Rxc4 30. Rd8+ Rxd8 31. Rxd8+ Kh7 32. Nd2 Rc7 33.
Kh2 Nf5 34. Nde4 Ne7 35. Nd3 Nc6 36. Rd6 Na5 37. Kg1 Nb7 38. Rd5 f6 39. g4 Kg6
40. Ng3 Bf8 41. Kf1 Kf7 42. Nf2 Ke6 43. Rd2 Nd6 44. Re2 Rd7 45. Ke1 Nb7 46. Rd2
Rxd2 47. Kxd2 Nd6 48. Nfe4 Nc4+ 49. Kc2 Ne3+ 50. Kd3 Ng2 51. Nd2 Bc5 52. Ke4
Nf4 53. Nf5 Bf8 54. Ng3 Nh3 55. b4 b5 56. Nb3 Nf4 57. a3 Nd5 58. Kd3 Nb6 59.
Nd2 Kd5 60. Nf5 Ke6 61. Ng3 1/2-1/2

[Event "4NCL Division Three Knights"]
[Site "Telford, ENG"]
[Date "2024.05.06"]
[Round "11.22"]
[White "Thompson, Ian D"]
[Black "Fraser-Mitchell, Jeremy N"]
[Result "1/2-1/2"]
[WhiteElo "2152"]
[BlackElo "2089"]
[PlyCount "56"]
[EventDate "2024.05.06"]
[WhiteTeam "Crowthorne A"]
[BlackTeam "MK Phoenix"]

1. c4 e5 2. Nc3 Nc6 3. Nf3 f5 4. d4 e4 5. Ng5 Nf6 6. e3 Bb4 7. Bd2 Bxc3 8. Bxc3
Qe7 9. Nh3 O-O 10. Nf4 d6 11. h4 Bd7 12. Qb3 Rab8 13. c5+ Kh8 14. cxd6 cxd6 15.
h5 Ng4 16. Be2 Nh6 17. a4 Rfc8 18. Qa3 Be8 19. Kd2 Bf7 20. Rac1 Kg8 21. Rc2 Rc7
22. g3 Rbc8 23. Rhc1 Ng4 24. Bxg4 fxg4 25. d5 Ne5 26. Bxe5 Rxc2+ 27. Rxc2 Rxc2+
28. Kxc2 Qxe5 1/2-1/2

[Event "4NCL Division Three Knights"]
[Site "Telford, ENG"]
[Date "2024.05.06"]
[Round "11.23"]
[White "Habershon, Paul F"]
[Black "Webb, Richard M"]
[Result "0-1"]
[WhiteElo "1974"]
[BlackElo "2139"]
[PlyCount "72"]
[EventDate "2024.05.06"]
[WhiteTeam "MK Phoenix"]
[BlackTeam "Crowthorne A"]

1. e4 c5 2. d3 Nc6 3. g3 g6 4. Bg2 Bg7 5. Nf3 e5 6. Nc3 Nge7 7. Be3 d6 8. Qd2
Nd4 9. h3 O-O 10. O-O-O d5 11. exd5 Nxd5 12. Bxd4 cxd4 13. Nxd5 Qxd5 14. Kb1
Be6 15. b3 Rac8 16. Rde1 Qc5 17. Re2 f6 18. g4 Rc6 19. Nxd4 Qxd4 20. Bxc6 bxc6
21. Re4 Qd7 22. Rd1 f5 23. gxf5 Bxf5 24. Ra4 Bxh3 25. Qe3 Rf7 26. Rh1 Be6 27.
Rhh4 h5 28. Rhb4 Qd5 29. Rb8+ Kh7 30. Rxa7 Rxa7 31. Qxa7 Qd4 32. Qxd4 exd4 33.
Re8 Bd5 34. a4 h4 35. f4 h3 36. Re2 Bg2 0-1

[Event "4NCL Division Three Knights"]
[Site "Telford, ENG"]
[Date "2024.05.06"]
[Round "11.24"]
[White "Purdon, Colin"]
[Black "Obi, Okwose Marc"]
[Result "1/2-1/2"]
[WhiteElo "1964"]
[BlackElo "1927"]
[PlyCount "49"]
[EventDate "2024.05.06"]
[WhiteTeam "Crowthorne A"]
[BlackTeam "MK Phoenix"]

1. d4 d5 2. c4 e6 3. Nf3 c5 4. cxd5 exd5 5. g3 Nc6 6. Bg2 Nf6 7. O-O Be7 8. Nc3
O-O 9. Be3 c4 10. Ne5 Be6 11. b3 Rc8 12. bxc4 dxc4 13. Nxc6 bxc6 14. Bf4 Qa5
15. Qc2 Nd5 16. Bd2 Bb4 17. Rfc1 Rfd8 18. e3 Bxc3 19. Bxc3 Qxc3 20. Qxc3 Nxc3
21. Rxc3 c5 22. d5 Bxd5 23. Bxd5 Rxd5 24. Rxc4 Kf8 25. Rac1 1/2-1/2

[Event "4NCL Division Three Knights"]
[Site "Telford, ENG"]
[Date "2024.05.06"]
[Round "11.25"]
[White "Freeman, Richard C P"]
[Black "Duckers, Harvey L"]
[Result "1-0"]
[WhiteElo "1923"]
[BlackElo "1992"]
[PlyCount "49"]
[EventDate "2024.05.06"]
[WhiteTeam "MK Phoenix"]
[BlackTeam "Crowthorne A"]

1. e4 e5 2. Bc4 Nc6 3. f4 exf4 4. Nf3 d6 5. d4 g5 6. O-O h6 7. g3 g4 8. Nh4 f3
9. Nxf3 gxf3 10. Qxf3 Qe7 11. Bxf7+ Kd8 12. Nc3 Nxd4 13. Qf2 Bg7 14. Nd5 Qf8
15. Be3 Ne6 16. Qd2 Nf6 17. Bxe6 Bxe6 18. Nxf6 Bxf6 19. e5 Bxe5 20. Rxf8+ Rxf8
21. Bxh6 Rf7 22. Re1 Ke8 23. Bf4 Bxf4 24. Rxe6+ Kd7 25. Qd5 1-0

[Event "4NCL Division Three Knights"]
[Site "Telford, ENG"]
[Date "2024.05.06"]
[Round "11.26"]
[White "Tart, Peter K"]
[Black "Shaw, John S"]
[Result "1-0"]
[WhiteElo "1958"]
[BlackElo "1758"]
[PlyCount "75"]
[EventDate "2024.05.06"]
[WhiteTeam "Crowthorne A"]
[BlackTeam "MK Phoenix"]

1. e4 c5 2. Nc3 Nc6 3. Bb5 Nd4 4. Bc4 e6 5. Nge2 Nf6 6. O-O a6 7. Nxd4 cxd4 8.
Ne2 b5 9. Bd3 Bc5 10. e5 Nd5 11. Be4 Rb8 12. Bxd5 exd5 13. d3 d6 14. Bf4 Bg4
15. f3 Bf5 16. Qe1 O-O 17. Qg3 Rb6 18. exd6 Bxd6 19. Bxd6 Rxd6 20. Nxd4 Rg6 21.
Qf4 Bh3 22. Rf2 Re8 23. g3 Qe7 24. Re2 Qd7 25. Rae1 Rxe2 26. Rxe2 h5 27. Qh4
Rf6 28. Qxh5 Rh6 29. Qe5 Be6 30. f4 Bg4 31. Qe8+ Qxe8 32. Rxe8+ Kh7 33. Re5 Rd6
34. Kg2 f6 35. Re7 Kg6 36. h3 Bc8 37. f5+ Bxf5 38. Rxg7+ 1-0

[Event "4NCL Division Three Knights"]
[Site "Telford, ENG"]
[Date "2024.05.06"]
[Round "11.31"]
[White "Welford-Ranson, Forbes"]
[Black "Payne, Matthew J"]
[Result "1-0"]
[WhiteElo "2116"]
[BlackElo "2186"]
[PlyCount "75"]
[EventDate "2024.05.06"]
[WhiteTeam "Iceni 1"]
[BlackTeam "Sussex Martlets 2"]

1. d4 Nf6 2. Nf3 g6 3. c4 Bg7 4. Nc3 O-O 5. e4 d6 6. h3 e5 7. d5 a5 8. Be3 Na6
9. g4 Nd7 10. a3 Nb6 11. Rg1 Kh8 12. h4 f5 13. gxf5 gxf5 14. Ng5 Qe8 15. Nb5
fxe4 16. Nxc7 Nxc7 17. Bxb6 Qe7 18. Qh5 Bf5 19. Bh3 Bg6 20. Qe2 Bh6 21. O-O-O
Rf4 22. Bg4 Na6 23. Be3 Nc5 24. Kb1 Ra6 25. Nh3 Bg7 26. h5 Be8 27. Nxf4 exf4
28. Bd4 Bxd4 29. Rxd4 Qe5 30. Be6 Nxe6 31. Rxe4 Qf5 32. Ka1 Bxh5 33. Rxe6 Ra8
34. Qd2 Bg6 35. Qd4+ Kg8 36. Rf6 Qc2 37. Rxd6 Rc8 38. Rd7 1-0

[Event "4NCL Division Three Knights"]
[Site "Telford, ENG"]
[Date "2024.05.06"]
[Round "11.32"]
[White "Hedger, Alec"]
[Black "Hughes, Roy"]
[Result "1-0"]
[WhiteElo "2110"]
[BlackElo "2043"]
[PlyCount "101"]
[EventDate "2024.05.06"]
[WhiteTeam "Sussex Martlets 2"]
[BlackTeam "Iceni 1"]

1. e4 d5 2. exd5 Qxd5 3. Nc3 Qd6 4. d4 Nf6 5. Nf3 c6 6. Ne5 Nbd7 7. Nc4 Qc7 8.
a4 Nb6 9. Ne5 Nbd5 10. Nxd5 Nxd5 11. a5 e6 12. g3 Bd6 13. Nc4 Be7 14. Bg2 O-O
15. O-O c5 16. dxc5 Bxc5 17. Ne3 Nxe3 18. Bxe3 Bxe3 19. fxe3 a6 20. Ra4 e5 21.
Qh5 Be6 22. Rh4 h6 23. g4 Qe7 24. g5 Qxg5 25. Qxg5 hxg5 26. Rb4 Rab8 27. Rxb7
Rxb7 28. Bxb7 Rb8 29. Bxa6 Rxb2 30. Rd1 g6 31. Rd8+ Kg7 32. Bd3 Ra2 33. a6 e4
34. Bb5 Ra5 35. c4 f5 36. Rd6 Bf7 37. Rb6 f4 38. c5 fxe3 39. c6 Ra1+ 40. Kg2
Ra2+ 41. Kg3 e2 42. Bxe2 Rxe2 43. a7 Re3+ 44. Kf2 Rf3+ 45. Ke1 Re3+ 46. Kd2
Rd3+ 47. Kc2 Ra3 48. c7 Ra2+ 49. Kb1 e3 50. c8=Q e2 51. Qc3+ 1-0

[Event "4NCL Division Three Knights"]
[Site "Telford, ENG"]
[Date "2024.05.06"]
[Round "11.33"]
[White "Dunn, Maxim"]
[Black "Nguyen, Anh"]
[Result "1-0"]
[WhiteElo "2116"]
[BlackElo "2013"]
[PlyCount "139"]
[EventDate "2024.05.06"]
[WhiteTeam "Iceni 1"]
[BlackTeam "Sussex Martlets 2"]

1. d4 Nf6 2. Nf3 d5 3. c4 e6 4. g3 Bb4+ 5. Bd2 Be7 6. Bg2 O-O 7. O-O c6 8. Qc2
b6 9. Rd1 Nbd7 10. Bf4 Bb7 11. Nbd2 Nh5 12. Be3 f5 13. Ne5 Nxe5 14. dxe5 g5 15.
f4 g4 16. Nb3 Ng7 17. a4 h5 18. a5 h4 19. cxd5 cxd5 20. Nd4 hxg3 21. hxg3 Rc8
22. Qb3 Bc5 23. Nb5 Ba6 24. Nxa7 Ra8 25. axb6 Bc4 26. Qc3 Qxb6 27. Bxc5 Qxc5+
28. Qd4 Rfc8 29. Nxc8 Qxd4+ 30. Rxd4 Rxa1+ 31. Kf2 Ne8 32. Nb6 Bb5 33. Rb4 Bc6
34. e3 Kf8 35. Nc4 Ke7 36. Nd2 Rc1 37. Bf1 Rc2 38. Ke1 Rc1+ 39. Ke2 Nc7 40. Rb3
Bb5+ 41. Kf2 Bxf1 42. Nxf1 Rc2+ 43. Ke1 Rc1+ 44. Ke2 Kd7 45. Rc3 Rb1 46. Rc2
Nb5 47. Nd2 Rg1 48. Nf1 Rg2+ 49. Kd1 Rxc2 50. Kxc2 Nc7 51. Kc3 Kc6 52. Nd2 Nb5+
53. Kd3 Kd7 54. Nb3 Nc7 55. Kc3 Na6 56. Kc2 Nb4+ 57. Kd2 Na6 58. Kc3 Kc7 59.
Nd4 Nc5 60. Kb4 Ne4 61. Nxe6+ Kc8 62. Nd4 Nxg3 63. Kb5 Kd7 64. b4 Nf1 65. Nxf5
Ke6 66. Nd4+ Kf7 67. Kc5 Nxe3 68. b5 g3 69. b6 g2 70. Ne2 1-0

[Event "4NCL Division Three Knights"]
[Site "Telford, ENG"]
[Date "2024.05.06"]
[Round "11.34"]
[White "Graham, William M"]
[Black "Ortiz Sanchez, Luis"]
[Result "0-1"]
[WhiteElo "1949"]
[BlackElo "2002"]
[PlyCount "50"]
[EventDate "2024.05.06"]
[WhiteTeam "Sussex Martlets 2"]
[BlackTeam "Iceni 1"]

1. c4 e5 2. g3 Nf6 3. Bg2 c6 4. e4 d5 5. cxd5 cxd5 6. exd5 Nxd5 7. Nf3 Nc6 8.
O-O Bc5 9. Qc2 Bb6 10. Nxe5 Nxe5 11. Qe4 O-O 12. Qxd5 Qf6 13. Nc3 Rd8 14. Qe4
Rd4 15. Nd5 Qd6 16. Nxb6 Rxe4 17. Nxc8 Qd3 18. Bxe4 Qxe4 19. d3 Qxd3 20. Ne7+
Kf8 21. Bf4 Nf3+ 22. Kg2 Qe4 23. Nf5 Ne1+ 24. Kh3 Qxf5+ 25. Kh4 Nf3# 0-1

[Event "4NCL Division Three Knights"]
[Site "Telford, ENG"]
[Date "2024.05.06"]
[Round "11.35"]
[White "Gibbs, Dominic V"]
[Black "Honarvarmahalati, Hooman"]
[Result "1/2-1/2"]
[WhiteElo "2030"]
[BlackElo "1853"]
[PlyCount "128"]
[EventDate "2024.05.06"]
[WhiteTeam "Iceni 1"]
[BlackTeam "Sussex Martlets 2"]

1. Nf3 d5 2. g3 Nf6 3. Bg2 c5 4. O-O Nc6 5. d3 Bf5 6. Nbd2 e6 7. c3 h6 8. Re1
Be7 9. a3 a5 10. a4 Bh7 11. Qb3 Qc7 12. Nb1 O-O 13. Na3 e5 14. Nd2 Rad8 15. e4
d4 16. Nb5 Qb8 17. cxd4 Nxd4 18. Nxd4 Rxd4 19. Nc4 Rfd8 20. Bf1 Qc7 21. Bd2
Rxc4 22. Qxc4 b6 23. Qc2 Qd7 24. Bc3 Qe6 25. Bg2 Nd7 26. Rf1 Nb8 27. f4 Nc6 28.
fxe5 Nxe5 29. Rad1 Nc6 30. Qf2 Nd4 31. Bh3 Qf6 32. Bxd4 Qxd4 33. Qxd4 Rxd4 34.
b3 Bf6 35. Bc8 Bg6 36. h3 Be5 37. Kg2 Rb4 38. Rb1 Rd4 39. Ba6 Bf6 40. Bc4 Kf8
41. Rf3 Rd7 42. Rbf1 Be5 43. Bd5 f6 44. Bc4 Ke7 45. g4 Rd8 46. h4 Rh8 47. Rh1
Be8 48. g5 hxg5 49. hxg5 Rxh1 50. Kxh1 fxg5 51. Rh3 Kf6 52. Rh8 Ke7 53. Kg2 Bd7
54. Rg8 Kd6 55. Rf8 Bf6 56. Rf7 Bd4 57. Bb5 Be6 58. Rb7 Bxb3 59. Rxb6+ Ke5 60.
Ra6 Bc3 61. Ra7 Kf4 62. Rc7 Bd4 63. Ra7 Bc3 64. Rc7 Bd4 1/2-1/2

[Event "4NCL Division Three Knights"]
[Site "Telford, ENG"]
[Date "2024.05.06"]
[Round "11.36"]
[White "Chapman, Luke"]
[Black "Calvert, D Ian"]
[Result "1/2-1/2"]
[WhiteElo "1691"]
[BlackElo "2028"]
[PlyCount "70"]
[EventDate "2024.05.06"]
[WhiteTeam "Sussex Martlets 2"]
[BlackTeam "Iceni 1"]

1. e4 d5 2. exd5 Qxd5 3. Nc3 Qd6 4. d4 Nf6 5. Nf3 c6 6. Ne5 Nbd7 7. f4 Nb6 8.
g4 Nbd5 9. Bg2 g6 10. O-O Bg7 11. f5 gxf5 12. gxf5 Nxc3 13. bxc3 Nd5 14. Nc4
Qc7 15. Qg4 Bf6 16. Bf4 Nxf4 17. Rxf4 Bd7 18. Re1 O-O-O 19. Ne5 h5 20. Qf3 Rh7
21. h4 Rg8 22. Kh1 Rhg7 23. Re2 Bxe5 24. dxe5 Rg4 25. Rxg4 Rxg4 26. Re4 Rxe4
27. Qxe4 f6 28. e6 Be8 29. a4 c5 30. Qf3 a5 31. Kg1 Qb6 32. Kh2 Kc7 33. Kh3 Qc6
34. Qf4+ Qd6 35. Qf3 Qc6 1/2-1/2

[Event "4NCL Division Three Knights"]
[Site "Telford, ENG"]
[Date "2024.05.06"]
[Round "11.41"]
[White "Stubbs, Oliver"]
[Black "Wilson, Jaimie"]
[Result "1-0"]
[WhiteElo "2234"]
[BlackElo "2120"]
[PlyCount "117"]
[EventDate "2024.05.06"]
[WhiteTeam "Poole Patzers"]
[BlackTeam "Wessex A"]

1. d4 d5 2. Nf3 Nf6 3. Bf4 e6 4. e3 Bd6 5. Nbd2 O-O 6. c3 b6 7. h4 Bxf4 8. exf4
Ba6 9. Bxa6 Nxa6 10. Qe2 Qc8 11. h5 c5 12. h6 g6 13. Kf1 cxd4 14. Nxd4 Nc5 15.
g3 Nce4 16. Kg2 Nxd2 17. Qxd2 Re8 18. f3 Qc7 19. Rae1 Rac8 20. Re2 Nd7 21. Rhe1
Qc5 22. f5 e5 23. fxg6 fxg6 24. Nc2 Rcd8 25. Nb4 e4 26. fxe4 dxe4 27. Rxe4 Nf8
28. Qf2 Rxe4 29. Rxe4 Qg5 30. Rd4 Rxd4 31. cxd4 Qxh6 32. d5 Qg5 33. Qd4 Qe7 34.
Nd3 Qd6 35. Nf2 Nd7 36. Ng4 h5 37. Nh6+ Kh7 38. Nf7 Qf6 39. Qxf6 Nxf6 40. d6
Nd7 41. Ng5+ Kg7 42. Kf3 Kf6 43. Kf4 Ne5 44. Ne4+ Ke6 45. Kg5 Kd5 46. Nc3+ Kxd6
47. Nb5+ Ke6 48. Nxa7 Kf7 49. Nc8 Nf3+ 50. Kf4 Nd4 51. Nxb6 Kf6 52. Nd5+ Ke6
53. Nc3 Kf6 54. Ne4+ Ke6 55. Kg5 Ke5 56. Nd2 Nf5 57. Nf1 Ke4 58. Kxg6 h4 59.
Nd2+ 1-0

[Event "4NCL Division Three Knights"]
[Site "Telford, ENG"]
[Date "2024.05.06"]
[Round "11.42"]
[White "Pleasants, Allan J"]
[Black "Garcia Hernandez, Oscar"]
[Result "1-0"]
[WhiteElo "2000"]
[BlackElo "2192"]
[PlyCount "81"]
[EventDate "2024.05.06"]
[WhiteTeam "Wessex A"]
[BlackTeam "Poole Patzers"]

1. Nf3 d5 2. c4 e6 3. e3 Nf6 4. Nc3 a6 5. b3 Bd6 6. Bb2 b6 7. d4 Nbd7 8. cxd5
exd5 9. Qc2 Bb7 10. Bd3 Qe7 11. O-O O-O 12. Rae1 Rfe8 13. g3 Ne4 14. Nh4 g6 15.
Ng2 f5 16. Nf4 Ndf6 17. f3 Nxc3 18. Bxc3 Rac8 19. Qb2 Qf8 20. b4 Re7 21. Bc2
Rce8 22. Bd2 Bxf4 23. gxf4 Re6 24. Bb3 Qg7 25. Rf2 R8e7 26. Rc1 Ne8 27. a4 Nd6
28. Qa2 c6 29. b5 axb5 30. Bb4 bxa4 31. Qxa4 Re8 32. Bxd5 cxd5 33. Bxd6 Ra8 34.
Qb4 Qd7 35. Be5 Ra5 36. Qb3 Rc6 37. Rfc2 Ra6 38. Qb5 Ra5 39. Qb4 Kf7 40. Rxc6
Bxc6 41. Qxb6 1-0

[Event "4NCL Division Three Knights"]
[Site "Telford, ENG"]
[Date "2024.05.06"]
[Round "11.43"]
[White "Bowden, Madison B"]
[Black "Westrap, Christian F"]
[Result "0-1"]
[WhiteElo "1959"]
[BlackElo "2041"]
[PlyCount "56"]
[EventDate "2024.05.06"]
[WhiteTeam "Poole Patzers"]
[BlackTeam "Wessex A"]

1. d4 c5 2. d5 Nf6 3. Nc3 d6 4. e4 g6 5. Be2 Bg7 6. Be3 O-O 7. Qd2 Qa5 8. a4 a6
9. Ra3 e6 10. h3 exd5 11. exd5 Nbd7 12. g4 Nb6 13. Nf3 Nfxd5 14. Nxd5 Qxd2+ 15.
Bxd2 Nxd5 16. O-O Bxb2 17. Rb3 Bg7 18. Rd1 Rb8 19. Bxa6 Bxg4 20. Bc4 Be6 21.
Bc1 Nc3 22. Bxe6 fxe6 23. Ng5 Nxd1 24. Nxe6 Rfe8 25. Nxg7 Kxg7 26. Rd3 Re1+ 27.
Kg2 Rf8 28. f3 Rfe8 0-1

[Event "4NCL Division Three Knights"]
[Site "Telford, ENG"]
[Date "2024.05.06"]
[Round "11.44"]
[White "Mesesan, Mircea-Marius"]
[Black "Weatherlake, John P"]
[Result "0-1"]
[WhiteElo "1979"]
[BlackElo "2005"]
[PlyCount "116"]
[EventDate "2024.05.06"]
[WhiteTeam "Wessex A"]
[BlackTeam "Poole Patzers"]

1. d4 Nf6 2. e3 d5 3. Bd3 g6 4. Nf3 Bg7 5. Nbd2 c5 6. b3 cxd4 7. exd4 Nc6 8. a3
Qb6 9. c3 O-O 10. O-O e5 11. dxe5 Ng4 12. Be2 Ngxe5 13. Bb2 Rd8 14. Nxe5 Nxe5
15. Ra2 Be6 16. Kh1 Rac8 17. f4 Nc6 18. Bg4 f5 19. Qe1 Re8 20. Be2 Bf7 21. Qf2
Qe3 22. Qxe3 Rxe3 23. Rf2 Bxc3 24. Nf1 Be1 25. Nxe3 Bxf2 26. Nd1 Bb6 27. Bf6
Bd4 28. Bh4 Bg7 29. Nf2 Nd4 30. Bd1 Rc1 31. b4 Nb5 32. h3 Bd4 33. Rd2 Bxf2 34.
Bxf2 Nc3 35. Bd4 Nxd1 36. Kh2 Nc3 37. Bxa7 Ne4 38. Rd3 Rc3 39. Rxc3 Nxc3 40.
Bd4 Ne2 41. Be3 Be8 42. g4 Bc6 43. Kg2 d4+ 44. Kf2 d3 45. Bd2 Kf7 46. Ke3 Bb5
47. a4 Bxa4 48. Kxd3 Bb5+ 49. Ke3 Ke6 50. Be1 Kd5 51. gxf5 gxf5 52. h4 h5 53.
Bd2 Nd4 54. Bc3 Nc6 55. Be1 Kc4 56. Bd2 Nxb4 57. Bxb4 Kxb4 58. Kd4 Be2 0-1

[Event "4NCL Division Three Knights"]
[Site "Telford, ENG"]
[Date "2024.05.06"]
[Round "11.45"]
[White "Smith, Richard"]
[Black "Marsh, Roger D W"]
[Result "1-0"]
[WhiteElo "1942"]
[BlackElo "1945"]
[PlyCount "114"]
[EventDate "2024.05.06"]
[WhiteTeam "Poole Patzers"]
[BlackTeam "Wessex A"]

1. e4 g6 2. d4 Bg7 3. Nf3 c6 4. h3 d5 5. e5 Nh6 6. c4 O-O 7. Nc3 f6 8. cxd5
cxd5 9. Qb3 e6 10. exf6 Qxf6 11. Bg5 Qf7 12. Bd3 Nc6 13. O-O Nf5 14. Bxf5 Qxf5
15. Be3 Na5 16. Qd1 Nc4 17. Bc1 Nd6 18. Re1 Ne4 19. Qe2 Nxc3 20. bxc3 Bd7 21.
Ba3 Rfc8 22. Rab1 b6 23. Rbc1 Rc6 24. Qa6 Bc8 25. Qb5 Bb7 26. Ne5 Bxe5 27. Rxe5
Qf7 28. Qe2 Bc8 29. Re3 Bd7 30. Re1 Rac8 31. Rf3 Qg7 32. Bb2 Rf8 33. Re3 Rf7
34. Qa6 Bc8 35. Qa4 Rfc7 36. Rf3 Bd7 37. Qa6 Bc8 38. Qa3 Rf7 39. Rfe3 Qf6 40.
R1e2 Qe7 41. Qb3 Qc7 42. Re5 Rc4 43. R2e3 Qc6 44. Bc1 Qa4 45. Qb1 Rcc7 46. Bd2
Rf5 47. Rxf5 gxf5 48. Rg3+ Rg7 49. Bg5 Qe8 50. Qd3 Qf7 51. Qe3 h5 52. Qe5 Kh7
53. h4 Rg8 54. Re3 Rg6 55. Qf4 Rg7 56. Qf3 Bd7 57. Qe2 Qg8 1-0

[Event "4NCL Division Three Knights"]
[Site "Telford, ENG"]
[Date "2024.05.06"]
[Round "11.46"]
[White "De Coverly, Roger D"]
[Black "O'neill, Martin"]
[Result "1-0"]
[WhiteElo "1920"]
[BlackElo "1800"]
[PlyCount "59"]
[EventDate "2024.05.06"]
[WhiteTeam "Wessex A"]
[BlackTeam "Poole Patzers"]

1. e4 c5 2. Nf3 Nc6 3. g3 d6 4. Bg2 Bg4 5. h3 Bh5 6. c3 Nf6 7. d3 e6 8. a4 d5
9. Qe2 Bd6 10. g4 dxe4 11. dxe4 Nxg4 12. hxg4 Bxg4 13. Na3 O-O 14. Nc4 Bc7 15.
Be3 Qe7 16. Bg5 f6 17. Bd2 Rad8 18. O-O-O a6 19. Rh4 Bxf3 20. Bxf3 b5 21. axb5
axb5 22. Rdh1 h6 23. e5 Nd4 24. cxd4 bxc4 25. Bxh6 cxd4 26. Bd2 Kf7 27. Bh5+ g6
28. Bxg6+ Kxg6 29. Qh5+ Kg7 30. Qh7# 1-0

[Event "4NCL Division Three Knights"]
[Site "Telford, ENG"]
[Date "2024.05.06"]
[Round "11.51"]
[White "Robson, Ian A"]
[Black "Seymour, Timothy P"]
[Result "1/2-1/2"]
[WhiteElo "2087"]
[BlackElo "2221"]
[PlyCount "77"]
[EventDate "2024.05.06"]
[WhiteTeam "Wotton Hall"]
[BlackTeam "Surbiton"]

1. e4 e5 2. Nf3 Nc6 3. d4 exd4 4. Nxd4 Nf6 5. Nxc6 bxc6 6. e5 Qe7 7. Qe2 Nd5 8.
h4 f6 9. c4 Ba6 10. exf6 Qxe2+ 11. Bxe2 Nxf6 12. Be3 Bb4+ 13. Nd2 Ne4 14. Rd1
O-O 15. O-O Nxd2 16. Bxd2 Bc5 17. Be3 Bxe3 18. fxe3 d6 19. Rxf8+ Rxf8 20. Rc1
Re8 21. Rc3 Rb8 22. Ra3 Rxb2 23. Kf1 Rb6 24. c5 Rb1+ 25. Kf2 Bb5 26. Bxb5 cxb5
27. cxd6 cxd6 28. Rxa7 Rb4 29. g3 Ra4 30. Rxa4 bxa4 31. Ke2 Kf7 32. Kd3 Ke6 33.
Kc4 Ke5 34. Kb4 Ke4 35. Kxa4 Kxe3 36. Kb3 d5 37. Kc2 Ke2 38. Kc3 Ke3 39. Kc2
1/2-1/2